Intellectual property: (Record no. 22021)
[ view plain ]
| 000 -LEADER | |
|---|---|
| fixed length control field | 01297cam a22003735a 4500 |
| 001 - CONTROL NUMBER | |
| control field | ocn755698612 |
| 003 - CONTROL NUMBER IDENTIFIER | |
| control field | OSt |
| 005 - DATE AND TIME OF LATEST TRANSACTION | |
| control field | 20160724150434.0 |
| 008 - FIXED-LENGTH DATA ELEMENTS--GENERAL INFORMATION | |
| fixed length control field | 120129t2013 nyua frbd 001 0 eng d |
| 010 ## - LIBRARY OF CONGRESS CONTROL NUMBER | |
| LC control number | 2012931915 |
| 020 ## - INTERNATIONAL STANDARD BOOK NUMBER | |
| International Standard Book Number | 9781133134794 (pbk.) |
| 020 ## - INTERNATIONAL STANDARD BOOK NUMBER | |
| International Standard Book Number | 1133134793 (pbk.) |
| 035 ## - SYSTEM CONTROL NUMBER | |
| System control number | (OCoLC)755698612 |
| 035 ## - SYSTEM CONTROL NUMBER | |
| System control number | (OCoLC)ocn755698612 |
| 035 ## - SYSTEM CONTROL NUMBER | |
| System control number | (OCoLC)755698612 |
| 035 ## - SYSTEM CONTROL NUMBER | |
| System control number | (YBP)8724577 |
| 040 ## - CATALOGING SOURCE | |
| Original cataloging agency | DLC |
| Language of cataloging | eng |
| Transcribing agency | DLC |
| Modifying agency | BTCTA |
| -- | TXA |
| -- | OCLCO |
| -- | CDX |
| -- | YDXCP |
| -- | BWX |
| -- | EG-ScBUE |
| 043 ## - GEOGRAPHIC AREA CODE | |
| Geographic area code | n-us--- |
| 082 04 - DEWEY DECIMAL CLASSIFICATION NUMBER | |
| Classification number | 346.73048 |
| Item number | BOU |
| Edition number | 22 |
| 100 1# - MAIN ENTRY--PERSONAL NAME | |
| Personal name | Bouchoux, Deborah E., |
| Dates associated with a name | 1950- |
| 9 (RLIN) | 40430 |
| 245 10 - TITLE STATEMENT | |
| Title | Intellectual property: |
| Remainder of title | the law of trademarks, copyrights, patents, and trade secrets / |
| Statement of responsibility, etc | Deborah E. Bouchoux. |
| 246 34 - VARYING FORM OF TITLE | |
| Title proper/short title | Law of trademarks, copyrights, patents, and trade secrets |
| 250 ## - EDITION STATEMENT | |
| Edition statement | 4th ed., International ed. |
| 260 ## - PUBLICATION, DISTRIBUTION, ETC. (IMPRINT) | |
| Place of publication, distribution, etc | Clifton Park : |
| Name of publisher, distributor, etc | Delmar Cenage Learning, |
| Date of publication, distribution, etc | c.2013. |
| 300 ## - PHYSICAL DESCRIPTION | |
| Extent | xxiv, 547 p. : |
| Other physical details | forms ; |
| Dimensions | 24 cm. |
| 500 ## - GENERAL NOTE | |
| General note | Glossary : p. 521-534. |
| 500 ## - GENERAL NOTE | |
| General note | Index : p. 535-547. |
| 504 ## - BIBLIOGRAPHY, ETC. NOTE | |
| Bibliography, etc | Includes bibliographical references. |
| 650 #0 - SUBJECT ADDED ENTRY--TOPICAL TERM | |
| Topical term or geographic name as entry element | Intellectual property |
| Geographic subdivision | United States. |
| Source of heading or term | BUEsh |
| 650 #0 - SUBJECT ADDED ENTRY--TOPICAL TERM | |
| Topical term or geographic name as entry element | Legal assistants |
| Geographic subdivision | United States |
| Form subdivision | Handbooks, manuals, etc. |
| Source of heading or term | BUEsh |
| 651 ## - SUBJECT ADDED ENTRY--GEOGRAPHIC NAME | |
| Source of heading or term | BUEsh |
| 653 ## - INDEX TERM--UNCONTROLLED | |
| Resource For college | Law |
| Arrived date list | July2016 |
| 942 ## - ADDED ENTRY ELEMENTS (KOHA) | |
| Source of classification or shelving scheme | Dewey Decimal Classification |
| Withdrawn status | Item status | Source of classification or shelving scheme | Damaged status | Not for loan | Vendor | Home library | Current library | Shelving location | Date acquired | Source of acquisition | Cost, normal purchase price | Serial Enumeration / chronology | Total Checkouts | Total Renewals | Full call number | Barcode | Date last seen | Date last borrowed | Cost, replacement price | Koha item type |
|---|---|---|---|---|---|---|---|---|---|---|---|---|---|---|---|---|---|---|---|---|
| Dewey Decimal Classification | Baccah | Central Library | Central Library | First floor | 24/07/2016 | Purchase | 680.00 | 26080 | 5 | 23 | 346.73048 BOU | 000032902 | 15/07/2025 | 03/11/2024 | 850.00 | Book - Borrowing |